<?xml version="1.0" encoding="UTF-8"?><?xml-stylesheet type="text/xsl" href="static/style.xsl"?><OAI-PMH xmlns="http://www.openarchives.org/OAI/2.0/" xmlns:xsi="http://www.w3.org/2001/XMLSchema-instance" xsi:schemaLocation="http://www.openarchives.org/OAI/2.0/ http://www.openarchives.org/OAI/2.0/OAI-PMH.xsd"><responseDate>2026-06-07T15:52:07Z</responseDate><request verb="GetRecord" identifier="oai:docta.ucm.es:20.500.14352/94396" metadataPrefix="marc">https://docta.ucm.es/rest/oai/request</request><GetRecord><record><header><identifier>oai:docta.ucm.es:20.500.14352/94396</identifier><datestamp>2025-03-18T13:18:04Z</datestamp><setSpec>com_20.500.14352_14</setSpec><setSpec>col_20.500.14352_15</setSpec></header><metadata><record xmlns="http://www.loc.gov/MARC21/slim" xmlns:dcterms="http://purl.org/dc/terms/" xmlns:xsi="http://www.w3.org/2001/XMLSchema-instance" xmlns:doc="http://www.lyncode.com/xoai" xsi:schemaLocation="http://www.loc.gov/MARC21/slim http://www.loc.gov/standards/marcxml/schema/MARC21slim.xsd">
   <leader>00925njm 22002777a 4500</leader>
   <datafield ind2=" " ind1=" " tag="042">
      <subfield code="a">dc</subfield>
   </datafield>
   <datafield ind2=" " ind1=" " tag="720">
      <subfield code="a">Sereno, María</subfield>
      <subfield code="e">author</subfield>
   </datafield>
   <datafield ind2=" " ind1=" " tag="720">
      <subfield code="a">Gutiérrez Gutiérrez, Gerardo</subfield>
      <subfield code="e">author</subfield>
   </datafield>
   <datafield ind2=" " ind1=" " tag="720">
      <subfield code="a">Moreno Rubio, Juan</subfield>
      <subfield code="e">author</subfield>
   </datafield>
   <datafield ind2=" " ind1=" " tag="720">
      <subfield code="a">Apellániz Ruiz, María</subfield>
      <subfield code="e">author</subfield>
   </datafield>
   <datafield ind2=" " ind1=" " tag="720">
      <subfield code="a">Sánchez Barroso, Lara</subfield>
      <subfield code="e">author</subfield>
   </datafield>
   <datafield ind2=" " ind1=" " tag="720">
      <subfield code="a">Casado, Enrique</subfield>
      <subfield code="e">author</subfield>
   </datafield>
   <datafield ind2=" " ind1=" " tag="720">
      <subfield code="a">Falagan, Sandra</subfield>
      <subfield code="e">author</subfield>
   </datafield>
   <datafield ind2=" " ind1=" " tag="720">
      <subfield code="a">López Gómez, Miriam</subfield>
      <subfield code="e">author</subfield>
   </datafield>
   <datafield ind2=" " ind1=" " tag="720">
      <subfield code="a">Merino, María</subfield>
      <subfield code="e">author</subfield>
   </datafield>
   <datafield ind2=" " ind1=" " tag="720">
      <subfield code="a">Gómez Raposo, César</subfield>
      <subfield code="e">author</subfield>
   </datafield>
   <datafield ind2=" " ind1=" " tag="720">
      <subfield code="a">Rodriguez Salas, Nuria</subfield>
      <subfield code="e">author</subfield>
   </datafield>
   <datafield ind2=" " ind1=" " tag="720">
      <subfield code="a">Zambrana Tébar, Francisco</subfield>
      <subfield code="e">author</subfield>
   </datafield>
   <datafield ind2=" " ind1=" " tag="720">
      <subfield code="a">Rodríguez Antona, Cristina</subfield>
      <subfield code="e">author</subfield>
   </datafield>
   <datafield ind2=" " ind1=" " tag="260">
      <subfield code="c">2017</subfield>
   </datafield>
   <datafield ind2=" " ind1=" " tag="520">
      <subfield code="a">Background: Oxaliplatin is a chemotherapy agent active against digestive tumors. Peripheral neuropathy is one of the most important dose-limiting toxicity of this drug. It occurs in around 60–80% of the patients, and 15% of them develop severe neuropathy. The pathophysiology of oxaliplatin neurotoxicity remains unclear. SCN9A is a gene codifying for a subtype sodium channel (type IX, subunit α) and mutations in this gene are involved in neuropathic perception. In this study we investigated whether SCN9A genetic variants were associated with risk of neurotoxicity in patients diagnosed of cancer on treatment with oxaliplatin.

Methods: Blood samples from 94 patients diagnosed of digestive cancer that had received oxaliplatin in adjuvant or metastatic setting were obtained from three hospitals in Madrid. These patients were classified into two groups: “cases” developed oxaliplatin-induced grade 3–4 neuropathy (n = 48), and “controls” (n = 46) had no neuropathy or grade 1. The neuropathy was evaluated by an expert neurologist and included a clinical examination and classification according to validated neurological scales: National Cancer Institute Common Toxicity Criteria (NCI-CTC), Oxaliplatin-Specific Neurotoxicity Scale (OSNS) and Total Neuropathy score (TNS). Genotyping was performed for 3
SCN9A missense polymorphisms: rs6746030 (R1150W), rs74401238 (R1110Q) and rs41268673 (P610T), and associations between genotypes and neuropathy were evaluated.

Results: We found that SCN9A rs6746030 was associated with protection for severe neuropathy (OR = 0.39, 95% CI = 0.16–0.96; p = 0.041). Multivariate analysis adjusting for diabetes provided similar results (p = 0.036). No significant differences in neuropathy risk were detected for rs74401238 and rs41268673.

Conclusion: SCN9A rs6746030 was associated with protection for severe oxaliplatin-induced peripheral neuropathy. The validation of this exploratory study is ongoing in an independent series.</subfield>
   </datafield>
   <datafield ind1="8" ind2=" " tag="024">
      <subfield code="a">Sereno, M., Gutiérrez-Gutiérrez, G., Rubio, J.M. et al. Genetic polymorphisms of SCN9A are associated with oxaliplatin-induced neuropathy. BMC Cancer 17, 63 (2017). https://doi.org/10.1186/s12885-016-3031-5</subfield>
   </datafield>
   <datafield ind1="8" ind2=" " tag="024">
      <subfield code="a">1471-2407</subfield>
   </datafield>
   <datafield ind1="8" ind2=" " tag="024">
      <subfield code="a">10.1186/s12885-016-3031-5</subfield>
   </datafield>
   <datafield ind1="8" ind2=" " tag="024">
      <subfield code="a">https://hdl.handle.net/20.500.14352/94396</subfield>
   </datafield>
   <datafield ind1="8" ind2=" " tag="024">
      <subfield code="a">https://doi.org/10.1186/s12885-016-3031-5</subfield>
   </datafield>
   <datafield ind2="0" ind1="0" tag="245">
      <subfield code="a">Genetic polymorphisms of SCN9A are associated with oxaliplatin-induced neuropathy</subfield>
   </datafield>
</record></metadata></record></GetRecord></OAI-PMH>